Regionen und Hauptstädte Spaniens - Statistiken

Allgemein
  • Dieses Quiz wurde 136 mal gespielt
  • Das Durchschnittsergebnis liegt bei 21 aus 34
Antworten auf der Karte
Die Antworten werden auf der Karte rot bzw. grün angezeigt, abhängig davon wie oft sie richtig erraten wurden.
 
Antwortstatistiken
Gemeinschaft / Hauptstadt % Korrekt
Madrid
97%
Madrid
97%
Katalonien
93%
Valencia
92%
Valencia
92%
Andalusien
87%
Barcelona
85%
Balearen
83%
Baskenland
80%
Kanarische Inseln
79%
Sevilla
76%
Murcia
68%
Murcia
68%
Galicien
65%
Kastilien und León
65%
Palma
65%
Aragonien
63%
Kastilien-La Mancha
60%
Asturien
59%
Navarra
59%
Extremadura
57%
Saragossa
56%
La Rioja
52%
Las Palmas
49%
Kantabrien
47%
Pamplona
41%
Oviedo
36%
Santander
36%
Toledo
35%
Valladolid
35%
Mérida
28%
Santiago de Compostela
27%
Logroño
21%
Vitoria-Gasteis
9%
Keine übereinstimmenden Quizze gefunden
Verteilung der Resultate
Anzahl Personen mit jedem Resultat
Perzentil nach korrekt beantworteten Fragen
Ihre Resultats-Entwicklung
Sie haben dieses Quiz noch nicht gespielt